000 00343cam a22001097a 4500
008 180718b1934 xxu||||| |||| 00| 0 eng d
082 _aA75 P969A/1934
100 _aMacfarquhar, A.
245 _aPunjab district gazetteers: Amritsar (statistical tables)
_cby A. Macfarquhar
260 _aLahore
_bPunjab District gazetteers
_c1934
300 _accp.
999 _c389650
_d389650